[Event "GER-ch NSV Online 1st"]
[Site "Playchess.com INT"]
[Date "2020.04.26"]
[Round "4"]
[White "Kirk, Alexander"]
[Black "Raimann, Max Guenter"]
[Result "0-1"]
[WhiteElo "1685"]
[BlackElo "2067"]
[PlyCount "98"]
[EventDate "2020.04.26"]
[EventType "swiss (blitz)"]
[EventRounds "13"]
[EventCountry "GER"]
[SourceTitle "CBM 196 Extra"]
[Source "ChessBase"]
[SourceDate "2020.07.31"]
[SourceVersion "1"]
[SourceVersionDate "2020.07.31"]
[SourceQuality "1"]

1. e4 c5 2. Nc3 g6 3. d3 Bg7 4. f4 e6 5. Nf3 Ne7 6. Be2 0-0 7. 0-0 b6 8. e5 d5 9. a3 h5 10. Ng5 Nf5 11. g3 Nc6 12. Bd2 Ncd4 13. Rc1 Qe7 14. Nf3 Bb7 15. Nxd4 cxd4 16. Nb1 Rac8 17. Bb4 Qd7 18. Nd2 Ne3 19. Qe1 Rxc2 20. Rxc2 Nxc2 21. Qd1 Ne3 22. Qb1 Rc8 23. Rc1 a5 24. Bd6 Rc6 25. Nb3 Qc8 26. Rxc6 Qxc6 27. Nxd4 Qa4 28. Nf3 d4 29. b3 Qc6 30. Qb2 Nf5 31. Kf1 Nxd6 32. exd6 Qxd6 33. Qc2 Kh7 34. Ng5+ Kg8 35. Ne4 Qxa3 36. Bf3 Bd5 37. Nd2 Qa1+ 38. Kf2 Bxf3 39. Nxf3 b5 40. Nd2 Qh1 41. Nf3 Qa1 42. Qc8+ Kh7 43. Qc2 a4 44. Nd2 Qh1 45. Nf3 Qa1 46. Ng5+ Kg8 47. Ne4 axb3 48. Qxb3 Qa4 49. Qc2 Qxc2+ 0-1

[Event "GER-ch NSV Online 1st"]
[Site "Playchess.com INT"]
[Date "2020.04.26"]
[Round "12"]
[White "Lebenstedt, Wolfgang"]
[Black "Kirk, Alexander"]
[Result "1-0"]
[WhiteElo "1620"]
[BlackElo "1685"]
[PlyCount "101"]
[EventDate "2020.04.26"]
[EventType "swiss (blitz)"]
[EventRounds "13"]
[EventCountry "GER"]
[SourceTitle "CBM 196 Extra"]
[Source "ChessBase"]
[SourceDate "2020.07.31"]
[SourceVersion "1"]
[SourceVersionDate "2020.07.31"]
[SourceQuality "1"]

1. d4 d5 2. c4 e6 3. Nc3 Nf6 4. Nf3 Be7 5. Bg5 0-0 6. cxd5 Nxd5 7. Bxe7 Qxe7 8. e3 b6 9. Bc4 Nxc3 10. bxc3 Bb7 11. 0-0 Nd7 12. a4 Nf6 13. a5 c5 14. axb6 axb6 15. Rb1 Qc7 16. Qb3 Bxf3 17. gxf3 cxd4 18. cxd4 Qc6 19. Kg2 Rfb8 20. Qb5 Qd6 21. Qe5 Qxe5 22. dxe5 Nd7 23. f4 Nc5 24. Rb5 Ra4 25. Be2 Kf8 26. Rfb1 Ra2 27. Bf3 Nd3 28. Rf1 g6 29. Be4 Nc5 30. Bc6 Ke7 31. Rfb1 Nd3 32. Rf1 Rc2 33. Be4 Rc3 34. Bxd3 Rxd3 35. Rfb1 Rc8 36. Rxb6 Rc2 37. Rb7+ Kf8 38. Ra7 Rdd2 39. Rbb7 Rxf2+ 40. Kg3 Rg2+ 41. Kf3 Rgf2+ 42. Ke4 Rxh2 43. Rxf7+ Kg8 44. Rfe7 Rc8 45. Rxe6 Rh5 46. Ree7 Rh1 47. e6 h5 48. Rg7+ Kf8 49. Rxg6 h4 50. Rh6 h3 51. Rh8# 1-0